000 00617nam a22002537a 4500
003 UA-OsUOA
001 23503
007 ta
008 20040122b un ||||| |||| 00| 0 ukr d
100 _aУгольницкий Г.А.
090 _a316.34
_bУ24
942 _cBK
040 _aUA-OsUOA
_brus
_cUA-OsUOA
_dUA-OsUOA
245 _aМодели социальной иерархии
300 _a88 с.
955 _a0
041 _arus
080 _a316.34
020 _a5-89522-085-1
260 _aМосква
_bВузовская книга
_c2000
044 _aRU
650 7 _2UDC
999 _c309751
_d309751